LDR 00684naa#a2200193#i#450# 001 EN\\bibl\120533 005 20260418023558.6 011 ## _a2073-5537 100 ## _a20260416b2026####ek#y0engy0150####ca 102 ## _aRU 200 1# _aDigital services in the hospitality industry _eJournal article 210 1# _aAstrakhan _cAstrakhan State Technical University _d2026 215 ## _a6 с. 608 ## _aJournal article _2local 675 ## _aЭкономическая политика в области туризма. Экономика туризма. 338.48 _z 700 #1 _aRomanova _gLarisa Mihaylovna 700 #1 _aBal _gNina Viktorovna 700 #1 _aTsaturyan _gEric Samvelovich 856 4# _avestnik.astu.org _u